| 000 | 00380nam a2200145Ia 4500 | ||
|---|---|---|---|
| 008 | 230917s9999||||xx |||||||||||||| ||und|| | ||
| 040 |
_e119871 _aMAIN |
||
| 041 | _aEnglish | ||
| 082 | _a541.3453 R543C | ||
| 100 | _aRoberts, M. W. | ||
| 245 | 0 | _aChemical Physics of solids and their surfaces | |
| 260 |
_aLondon _bThe chemical society _c1978 |
||
| 300 | _a184p. p. | ||
| 942 | _cBK | ||
| 999 |
_c37185 _d37185 |
||